00955nam a2200277 a 4500003000900000005001700009008004100026020001700067040001300084245003300097250001200130260010200142300001100244490004500255500009400300650002400394650002400418650002200442650001500464650003100479650002800510655001500538700003600553700004300589700004500632AR-BaBNM20251128205946.0082120s2002 ||||||||||||||000 | spa|| a929136-005-8 cAR-BaBNM00aEse universo llamado lectura a1ª ed. aSan JosébOficina Subregional de Educación de la UNESCO para Centroamérica y Panamác1993 a155 p. 0aBiblioteca del promotor de lecturavv. 5 aContiene referencias sobre los autores incluídos en la presente compilación en p. 149 4aLIBROS PARA NIÑOS 4aLITERATURA INFANTIL 4aCRITICA LITERARIA 4aANTOLOGIAS 4aLITERATURA LATINOAMERICANA 4aPROMOCION DE LA LECTURA aLITERATURA1 aAndricaín, Sergioecompilador1 aMarín de Sásá, Floraecompilador1 aRodríguez, Antonio Orlandoecompilador